000 00918nam a2200229 a 4500
001 000016642
003 OSt
005 20201202103808.0
008 100308s1985 dr a 000 0 spa d
040 _aDO-SdBNP
_bspa
_cBNPHU
082 _a639.9
_bA598p
110 1 _aRepública Dominicana.
_bSecretaría de Estado de Agricultura. Sub-secretaría de Recursos Naturales. Departamento de Vida Silvestre. Departamento de Educación Ambiental
_936974
245 1 0 _aAnimales protegidos.
260 _aSanto Domingo :
_bSecretaría de Estado de Agricultura,
_c1985.
300 _a111 p. :
_bil. ;
_c21 cm.
504 _aBibliografía : p. 111
590 _aLa biblioteca posee 1 ejemplar autografiado
650 4 _aProtección de animales de caza
_zRepública Dominicana
_936975
650 4 _aProtección de aves
_zRepública Dominicana
_936976
650 4 _aConservación de la vida silvestre
_97052
942 _2ddc
_cLBS1
999 _c16175
_d16175